| 000 | 00558nam a22002057a 4500 | ||
|---|---|---|---|
| 001 | BD-DhSAU 876 | ||
| 003 | BD-DhSAU | ||
| 005 | 20150107220230.0 | ||
| 008 | 150107b1973 bd ||||r|||| 00| 0 eng d | ||
| 040 | _aBD-DhSAU | ||
| 082 |
_222 _a330.95492 _bHAB |
||
| 100 | _aHai, Mohammad Abdul. | ||
| 245 |
_aBangladesh economics / _cMD. Abdul Hai. |
||
| 250 | _a3rd ed. | ||
| 260 |
_aDhaka : _bBiswa Porichoy ; _cc1976. |
||
| 300 |
_aviii, 512 p. : _b21 cm. _c24 cm. |
||
| 590 | _aMd. Sirajul Islam. | ||
| 650 | _aEconomics. | ||
| 650 |
_aEconomics. _zBangladesh. |
||
| 942 |
_2ddc _cBOOK |
||
| 999 |
_c876 _d876 |
||